00979nam a2200265 i 4500001000700000003000900007005001700016007000300033008004100036080001300077245015000090246003000240260003300270300004200303490002800345650005000373650002100423700002800444700002800472700001600500830003600516852002100552999001900573952012100592110667ES-MaACL20250727021738.0t|070117s1954 sp abp |||| | spa d a395(100)01a"Savoir vivre" internacional b: forma de comportarse en todos los paises / cPierre Daninos, Doré Ogrizek ; ilustraciones de Ben ... [et al.].34aSaber vivir internacional aMadrid : bCastilla, c1954. a510 p. : bil. col., mapas ; c18 cm.1 aEl mundo en color ; v8 7aAntropología cultural y social2embne99867 aEtiqueta.9125961 aDaninos, Pierre.9426421 aOgrizek, Doré.9865811 aBen.9274010 aEl mundo en color ; v89185631 aES-MaACLjE-3759 c110667d110667 00104070aATENEOMbATENEOMcDEPO2d2008-01-17eSCl0oE-3759p1115461r2023-02-23 00:00:00w2023-02-23yMONOGRAFIA